000 00299 a2200097 4500
100 1 _aLink, F.M..
_eAutor
700 1 _aSands, L.G..
_eAutor
245 0 _aPortable FM Radiotelephones /
_cLink F.M., Sands L.G..
710 2 _aChilton.
_eWydawca
_4pbl
260 _aPhiladelphia :
_bChilton,
_c1968.
300 _aVII, 158 s.;
_c25 cm.
999 _c9506
_d9506